LDR 01065naa#a2200193#i#450# 001 RU\\bibl\125696 005 20260704081539.6 011 ## _a2782-5957 100 ## _a20260630b2026####ek#y0rusy0150####ca 102 ## _aRU 200 1# _aПОЛУЧЕНИЕ ПЕРСПЕКТИВНЫХ ПЕНОМАТЕРИАЛОВ С КАРБОНАТНЫМ ПОРОФОРОМ _eЖурнальная статья 210 1# _aБрянск _cБрянский государственный технический университет _d2026 215 ## _a7 с. 608 ## _aЖурнальная статья _2local 675 ## _aХимическая технология. Химическая промышленность. Пищевая промышленность. Металлургия. Родственные отрасли. 66 _z 686 ## _aХимическая технология. Химические производства. 35 _2bbk 700 #1 _aЛапин _gИлья Владимирович 700 #1 _aГильмутдинов _gИльфар Маликович 856 4# _abstu.editorum.ru _u